Online katalóg knižníc regiónu Turca

Návrat Sunny Chandlerovej (Record no. 22240)

MARC details
000 -LEADER
fixed length control field 01861cam a2200469 a 4500
001 - CONTROL NUMBER
control field 22240
003 - CONTROL NUMBER IDENTIFIER
control field VRT
005 - DATE AND TIME OF LATEST TRANSACTION
control field 20260323143330.0
008 - FIXED-LENGTH DATA ELEMENTS--GENERAL INFORMATION
fixed length control field 240226s2003 xo gr 000 f slo
015 ## - NATIONAL BIBLIOGRAPHY NUMBER
National bibliography number SNBA2003/07-02180
020 ## - INTERNATIONAL STANDARD BOOK NUMBER
International Standard Book Number 8055105324
Qualifying information (viazané)
035 ## - SYSTEM CONTROL NUMBER
System control number SNK000414300
035 ## - SYSTEM CONTROL NUMBER
System control number urn:nbn:sk:snk-am3j1h1
035 ## - SYSTEM CONTROL NUMBER
System control number EA5E3263-AA68-438A-8B82-010B74612D93
035 ## - SYSTEM CONTROL NUMBER
System control number urn:nbn:sk:snk-am00gefc
039 #9 - LEVEL OF BIBLIOGRAPHIC CONTROL AND CODING DETAIL [OBSOLETE]
Level of rules in bibliographic description 202406230839
Level of effort used to assign nonsubject heading access points csnk01
Level of effort used to assign subject headings 202402261503
Level of effort used to assign classification VLOAD
Level of effort used to assign subject headings 202401161303
Level of effort used to assign classification AUTHORITY
Level of effort used to assign subject headings 202205091514
Level of effort used to assign classification VLOAD
040 ## - CATALOGING SOURCE
Original cataloging agency SNK
Language of cataloging slo
Transcribing agency SNK
Description conventions AACR2
041 1# - LANGUAGE CODE
Language code of text/sound track or separate title slo
Language code of original eng
044 ## - COUNTRY OF PUBLISHING/PRODUCING ENTITY CODE
MARC country code xo
ISO country code SK
072 #7 - SUBJECT CATEGORY CODE
Subject category code 821.111(73)-3
Subject category code subdivision Americká próza
Source konspekt
080 ## - UNIVERSAL DECIMAL CLASSIFICATION NUMBER
Universal Decimal Classification number 821.111(73)-31
Edition identifier 2011
080 ## - UNIVERSAL DECIMAL CLASSIFICATION NUMBER
Universal Decimal Classification number (0:82-312.5)
Edition identifier 2011
100 1# - MAIN ENTRY--PERSONAL NAME
Personal name Brown, Sandra,
Dates associated with a name 1948-
Relationship aut
240 10 - UNIFORM TITLE
Uniform title Sunny Chandler's return
Language of a work Slovensky
245 10 - TITLE STATEMENT
Title Návrat Sunny Chandlerovej
Statement of responsibility, etc. Sandra Brownová ; z anglického originálu Sunny Chandler's return ... preložila Lucia Nižníková-Kollárová
250 ## - EDITION STATEMENT
Edition statement [1. vydanie]
260 ## - PUBLICATION, DISTRIBUTION, ETC.
Place of publication, distribution, etc. Bratislava
Name of publisher, distributor, etc. Ikar
Date of publication, distribution, etc. 2003
300 ## - PHYSICAL DESCRIPTION
Extent 167 strán
Dimensions 21 cm
500 ## - GENERAL NOTE
General note Vydal Ikar Bratislava pre Media klub
655 #7 - INDEX TERM--GENRE/FORM
Genre/form data or focus term americké romány
Source of term SNKPH
655 #7 - INDEX TERM--GENRE/FORM
Genre/form data or focus term ľúbostné romány
Source of term SNKPH
700 1# - ADDED ENTRY--PERSONAL NAME
Personal name Nižníková-Kollárová, Lucia,
Dates associated with a name 1976-
Relationship trl
710 2# - ADDED ENTRY--CORPORATE NAME
Corporate name or jurisdiction name as entry element Media klub
Relationship pbl
942 ## - ADDED ENTRY ELEMENTS (KOHA)
Source of classification or shelving scheme Dewey Decimal Classification
Koha item type Krásna literatúra pre dospelých
Suppress in OPAC No
949 ## - LOCAL PROCESSING INFORMATION (OCLC)
6 17A0395826
9 P60, <03>, [BOOK], {603}
a snkSC 112806
b snkKSP 10985/2003
s 6100:20210507
949 ## - LOCAL PROCESSING INFORMATION (OCLC)
6 17A0396001
9 P60, <05>, [BOOK], {605}
a snkSC 112806 D1
b snkKSP 11206/2003
949 ## - LOCAL PROCESSING INFORMATION (OCLC)
6 2889120188
a savukPV 6081
949 ## - LOCAL PROCESSING INFORMATION (OCLC)
6 270001000213156
a svkbbA 107651
b svkbbm 650151
p 650.151
949 ## - LOCAL PROCESSING INFORMATION (OCLC)
6 273K0490882
a svkpoA 186356
b svkpo465583
q Poškodená - špinavá vo vnútri
r Poškodená - špinavá vo vnútri
Holdings
Stav vyradenia Strata Poškodenie Spôsob nadobudnutia Domovská knižnica Aktuálna knižnica Dátum nadobudnutia Total checkouts Čiarový kód exemplára Date last seen Typ exemplára
      Dar Obecná knižnica Horná Štubňa Obecná knižnica Horná Štubňa 23.03.2026   9788055105321 23.03.2026 Krásna literatúra pre dospelých
      Dar Obecná knižnica Turčianska Štiavnička Obecná knižnica Turčianska Štiavnička 31.03.2026   4738000798 31.03.2026 Krásna literatúra pre dospelých
Projekt je podporený Slovenskou asociáciou knižníc
Prevádzkuje Turčianska knižnica Martin 2026